| 000 | 00665nam a2200229Ia 4500 | ||
|---|---|---|---|
| 003 | OSt | ||
| 005 | 20220918205415.0 | ||
| 006 | a|||||r|||| 00| 0 | ||
| 007 | ta | ||
| 008 | 220917b |||||||| |||| 00| 0 eng d | ||
| 024 | _a116,454 | ||
| 037 | _cTextual | ||
| 040 |
_aARTS _cARTS _beng |
||
| 041 |
_2eng _aeng |
||
| 082 | _aV5925:1:18z7, H8 | ||
| 100 |
_aSeton Watson R W _9115027 |
||
| 245 | 0 | _aPrague essays, presented by a group of British historians of the Caroline Univ of Prague on its 600th anniversary | |
| 260 | _c1948 | ||
| 650 | _aHISTORY | ||
| 942 |
_hV5925:1:18z7, H8 _cTEXL _2CC |
||
| 999 |
_c239781 _d239781 |
||